Rejdovské deti sa zapojili do detského činu roka

Bibliographic Details
Main Author: (zur) (Author)
Format: Article
Language:Slovak
Subjects:

MARC

LEADER 00000nab a2200000 a 4500
001 vtls001012991
003 SK-MaSNL
005 20260305033837.0
008 040720e20040928xo 0 slo
035 |a RV13591 
040 |a RVGKPD  |b slo  |c RVGKPD  |e AACR2 
041 0 |a slo 
044 |a xo  |c SK 
080 |a 373.31  |2 1981 
100 0 |a (zur)  |4 aut  |9 872739 
245 1 0 |a Rejdovské deti sa zapojili do detského činu roka 
611 1 7 |a Detský čin roka 2004  |2 RVGKPD  |9 1614731 
650 0 7 |a školy základné  |2 RVGKPD  |9 390867 
651 7 |a Rožňava (Slovensko : okres)  |2 RVGKPD  |9 19215 
655 7 |a periodikum  |2 snkbucl  |9 29553 
773 0 8 |t Gemerský denník  |g Roč. 6, č.224, 28.9.2004, s. 1 
852 |a ZVYKNI  |b KIS3GCP 
999 |c 3326421  |d 3328351